Statistics for Country flags with only two colours

Click here to take the quiz!

General Stats

  • This quiz has been taken 32 times
  • The average score is 26 of 38

Answer Stats

ColoursContinentAnswer% Correct
Red and WhiteNorth AmericaCanada
93%
Red and WhiteAsiaIndonesia
89%
Red and WhiteAsiaJapan
89%
Red and WhiteEuropePoland
89%
Red and YellowAsiaChina
86%
Blue and YellowEuropeUkraine
86%
Red and GreenAsiaBangladesh
82%
Blue and WhiteEuropeFinland
82%
Blue and WhiteEuropeGreece
82%
Red and WhiteEuropeMonaco
82%
Blue and YellowEuropeSweden
82%
Red and WhiteEuropeDenmark
79%
Blue and YellowOceania
Palau
79%
Green and WhiteAsiaPakistan
75%
Red and YellowAsiaVietnam
75%
Red and BlackEuropeAlbania
71%
Red and WhiteAsiaTurkey
71%
Black and WhiteAsiaAfghanistan
68%
Red and WhiteEuropeLatvia
68%
Red and WhiteSouth AmericaPeru
68%
Blue and YellowAsiaKazakhstan
64%
Green and WhiteAsiaSaudi Arabia
64%
Red and WhiteAsiaSingapore
64%
Red and WhiteEuropeAustria
61%
Blue and WhiteAsia
Israel
61%
Red and GreenAfricaMorocco
61%
Green and WhiteAfricaNigeria
61%
Red and WhiteEuropeSwitzerland
61%
Red and WhiteAfricaTunisia
61%
Red and YellowAsiaKyrgyzstan
57%
Red and WhiteAsiaQatar
57%
Blue and WhiteAfricaSomalia
57%
Red and WhiteOceaniaTonga
57%
Red and WhiteAsiaBahrain
54%
Red and YellowEuropeNorth Macedonia
54%
Red and WhiteAsiaGeorgia
50%
Blue and WhiteNorth AmericaHonduras
50%
Blue and WhiteOceaniaFederated States of Micronesia
46%

Score Distribution

Percentile by Number Answered

Percent of People with Each Score

Your Score History

You have not taken this quiz